Top 15 Covid-19 getroffen landen - 4 augustus 2021 - Statistieken

Algemene statistieken
  • Deze quiz is 4 keer genomen
  • De gemiddelde score is 17 van 27
Antwoordstatistieken
land % Correct
België
100%
Brazilië
100%
Frankrijk
100%
Nederland
100%
Polen
100%
Rusland
100%
Verenigde Staten
100%
Verenigd Koninkrijk
100%
Argentinië
75%
Duitsland
75%
India
75%
Italië
75%
Portugal
75%
Spanje
75%
Zweden
75%
Colombia
50%
Indonesië
50%
Iran
50%
Slovenië
50%
Tsjechië
50%
Turkije
50%
Bahrein
25%
Estland
25%
Litouwen
25%
Uruguay
25%
Georgië
0%
Panama
0%
Geen overeenkomende quizzen gevonden
Scoreverdeling
Procent van Mensen met Elke Score
Percentiel versus Aantal Correcte Antwoorden
Uw Scoregeschiedenis
U heeft deze quiz nog niet genomen